[Event "Julian Mazur Memorial"]
[Site "Wellington Chess Club"]
[Date "2011.11.29"]
[Round "7"]
[White "Sknar, Andrew"]
[Black "Theodosiou, Andreas"]
[Result "0-1"]
[WhiteElo "1084"]
[BlackElo "1227"]

1. e4 e5 2. Nf3 Nc6 3. Nc3 Bb4 4. d4 Bxc3+ 5. bxc3 f6 6. d5 Nce7 7. Bd3 d6 8.
O-O Bg4 9. Qe2 Qc8 10. Bb5+ c6 11. dxc6 bxc6 12. Ba6 Qd7 13. Bb2 Rb8 14. Ba3
Ng6 15. Kh1 N8e7 16. h3 Nf4 17. Qe3 Bxh3 18. gxh3 Qxh3+ 19. Kg1 Qg2# 0-1

[Event "Julian Mazur Memorial"]
[Site "Wellington Chess Club"]
[Date "2011.11.29"]
[Round "7"]
[White "Stoeveken, Peter"]
[Black "Kay, Bruce"]
[Result "1-0"]
[WhiteElo "1858"]
[BlackElo "1833"]

1. d4 Nf6 2. c4 e6 3. Nc3 Bb4 4. Bg5 c5 5. a3 Bxc3+ 6. bxc3 Qa5 7. Bd2 Ne4 8.
Qc2 Nxd2 9. Qxd2 O-O 10. e3 d6 11. Bd3 Nd7 12. Ne2 f5 13. O-O Nf6 14. Qc2 Bd7
15. Rab1 Qc7 16. Rfe1 Rae8 17. e4 fxe4 18. Bxe4 Nxe4 19. Qxe4 Bc6 20. Qh4 Qf7
21. Rb2 Qg6 22. Ng3 Qd3 23. Ne4 Bxe4 24. Qxe4 Qxe4 25. Rxe4 b6 26. Rbe2 Kf7 27.
g3 Re7 28. Kg2 Rfe8 29. f4 g6 30. Kf3 Kf6 31. g4 h6 32. h4 Kf7 33. Kg3 Kg7 34.
Rf2 Kf7 35. Rh2 Kg7 36. Re1 Kf7 37. h5 g5 38. Rf2 Kg7 39. fxg5 hxg5 40. Ref1 e5
41. Rf5 exd4 42. Rxg5+ Kh7 43. cxd4 cxd4 44. Rd5 Re3+ 45. Kh4 Rxa3 46. Rxd4 Rc3
47. Rf7+ Kg8 48. Rxa7 Rc8 49. Rxd6 R3xc4 50. Rxb6 Rc1 51. Rb5 Rh1+ 52. Kg5 Rhc1
53. h6 R1c6 54. Kh5 Rc1 55. Rb6 R1c5+ 56. g5 Rc1 57. Rab7 1-0

[Event "Julian Mazur Memorial"]
[Site "Wellington Chess Club"]
[Date "2011.11.29"]
[Round "7"]
[White "Veldhuizen, Matt"]
[Black "Brockway, Andrew"]
[Result "0-1"]
[WhiteElo "1548"]
[BlackElo "1811"]

1. c4 c5 2. g3 g6 3. Bg2 Bg7 4. Nc3 Nc6 5. e3 d6 6. Nge2 e5 7. a3 Nge7 8. O-O
O-O 9. e4 Be6 10. d3 f5 11. f4 Nd4 12. Nxd4 cxd4 13. Nd5 Bxd5 14. exd5 a5 15.
a4 Kh8 16. Rb1 Ng8 17. b4 Qd7 18. b5 b6 19. Re1 Nh6 20. fxe5 dxe5 21. Bxh6 Bxh6
22. Rxe5 Rae8 23. Qe2 Be3+ 24. Rxe3 Rxe3 25. Qf1 Rfe8 26. Rd1 Qe7 27. Qf4 Re1+
28. Rxe1 Qxe1+ 29. Bf1 Qe3+ 30. Qxe3 Rxe3 31. Kf2 Kg7 32. Be2 Kf7 33. Bf1 Ke7
34. Be2 Kd6 0-1

[Event "Julian Mazur Memorial"]
[Site "Wellington Chess Club"]
[Date "2011.11.29"]
[Round "7"]
[White "Wastney, Scott"]
[Black "Stracy, Don"]
[Result "1-0"]
[WhiteElo "2369"]
[BlackElo "1766"]

1. e4 c5 2. Nf3 e6 3. d4 cxd4 4. Nxd4 Nf6 5. Nc3 Nc6 6. Be2 Bb4 7. O-O Bxc3 8.
bxc3 Nxe4 9. Qd3 Nc5 10. Qe3 d6 11. Bb5 Bd7 12. Nf5 O-O 13. Nxd6 b6 14. Ba3 Ne7
15. Bxc5 Bxb5 16. Nxb5 bxc5 17. Qxc5 Qb6 18. Qxb6 axb6 19. Rfd1 Rfd8 20. Rxd8+
Rxd8 21. Kf1 Kf8 22. Ke1 Nc6 23. Rd1 Rxd1+ 24. Kxd1 Ke7 25. Kd2 e5 26. Kd3 f5
27. Kc4 e4 28. Kd5 Kd7 29. Nd4 Ne7+ 30. Ke5 g6 31. h3 Nc6+ 32. Nxc6 Kxc6 33. g4
fxg4 34. hxg4 h5 35. gxh5 gxh5 36. Kxe4 Kd6 37. Kf5 Kd5 38. a4 h4 39. Kg4 Ke4
40. Kxh4 Kf3 41. Kg5 Kxf2 42. Kf4 Ke2 43. Ke4 Kd2 44. Kd4 Kxc2 45. Kc4 Kb2 46.
Kb4 Kc2 47. c4 1-0

[Event "Julian Mazur Memorial"]
[Site "Wellington Chess Club"]
[Date "2011.11.29"]
[Round "7"]
[White "Wilkins, Mark"]
[Black "Rabina, Romeo"]
[Result "1-0"]
[WhiteElo "1918"]
[BlackElo "1781"]

1. d4 Nf6 2. Bg5 e6 3. e4 h6 4. Bxf6 Qxf6 5. e5 Qd8 6. c4 Bb4+ 7. Nc3 Nc6 8. f4
b6 9. Nf3 Bb7 10. Be2 Qe7 11. a3 Bxc3+ 12. bxc3 Na5 13. O-O Be4 14. Nd2 Bc6 15.
Kh1 d6 16. Qc2 O-O-O 17. Nb3 Ba4 18. Rfb1 f5 19. Qa2 Nxb3 20. Rxb3 Bxb3 21.
Qxb3 a5 22. Qb5 Kb7 23. Bf3+ Ka7 24. Rb1 Rb8 25. Be2 Qe8 26. Qb2 Qc6 27. Qa2 g5
28. Bf3 Qd7 29. g3 gxf4 30. gxf4 Rhg8 31. Rb5 Rg7 32. Qb1 Rbg8 33. Rxa5+ 1-0

[Event "Summer Cup"]
[Site "Wellington Chess Club"]
[Date "2012.02.07"]
[Round "1"]
[White "Aldridge, Alan"]
[Black "Theodosiou, Andreas"]
[Result "1-0"]
[WhiteElo "1945"]
[BlackElo "1229"]

1. b3 Nf6 2. Bb2 e6 3. e3 d5 4. f4 Bd6 5. Nf3 Qe7 6. Be2 Nc6 7. O-O Bd7 8. Nc3
Ba3 9. Bxa3 Qxa3 10. Nb5 Qa5 11. a3 O-O 12. b4 Qb6 13. Nbd4 Ne7 14. Qe1 c5 15.
bxc5 Qxc5 16. Ne5 Nf5 17. Ndf3 Nxe3 18. dxe3 Qxe3+ 19. Kh1 Qxf4 20. Rb1 Bc6 21.
Bd3 Ne4 22. Bxe4 dxe4 23. Nxc6 bxc6 24. Nd4 Qd6 25. Qxe4 Qxa3 26. Nxc6 Qc5 27.
Ne5 Rad8 28. Rfd1 f5 29. Qe2 Rxd1+ 30. Rxd1 Qc7 31. h3 a5 32. c4 a4 33. Nd7 Rd8
34. Qxe6+ Kh8 35. Qa6 Rc8 36. Qxa4 Qxc4 37. Qxc4 Rxc4 38. Nb6 1-0

[Event "Summer Cup"]
[Site "Wellington Chess Club"]
[Date "2012.02.07"]
[Round "1"]
[White "Brockway, Andrew"]
[Black "Sknar, Andrew"]
[Result "1-0"]
[WhiteElo "1813"]
[BlackElo "1087"]

1. e4 e5 2. Nf3 Nc6 3. Bb5 g6 4. Bxc6 dxc6 5. O-O Bg7 6. d3 Ne7 7. Bg5 O-O 8.
h3 Bd7 9. Qd2 Qc8 10. Bxe7 Re8 11. Qg5 Be6 12. Kh2 Qd7 13. Bf6 Bxf6 14. Qxf6
Re7 15. Nc3 Rae8 16. Qh4 Kg7 17. Ng5 Qd6 18. Qxh7+ Kf6 19. Qh4 Kg7 20. Qg3 f6
21. Nxe6+ Rxe6 22. f4 exf4 23. Qxf4 Qd4 24. Qxc7+ R8e7 25. Qf4 g5 26. Qf2 Qe5+
27. Kh1 Kg6 28. Qf5+ Qxf5 29. exf5+ Kg7 30. fxe6 Rxe6 31. Rae1 Rxe1 32. Rxe1 f5
33. Re7+ Kf6 34. Rxb7 f4 35. Rxa7 Kf5 36. Re7 g4 37. hxg4+ Kxg4 38. Ne2 f3 39.
gxf3+ Kxf3 40. a4 c5 41. a5 Kg4 42. Rf7 Kg5 43. a6 Kg6 44. Rf4 Kg5 45. a7 Kg6
46. a8=R Kg5 47. Rg8+ Kh6 48. Rh4# 1-0

[Event "Summer Cup"]
[Site "Wellington Chess Club"]
[Date "2012.02.07"]
[Round "1"]
[White "Forster, Bill"]
[Black "Sknar, Andrew"]
[Result "1-0"]
[WhiteElo "1983"]
[BlackElo "1353"]

1. Nf3 f6 2. e4 Nc6 3. d4 e5 4. Bc4 a6 5. Nc3 Bb4 6. dxe5 h6 7. O-O fxe5 8.
Nxe5 Nxe5 9. Qh5+ g6 10. Qxe5+ Kf8 11. Qxh8 Qf6 12. Qxg8+ Ke7 13. Nd5+ Kd6 14.
Nxf6 c6 15. Ne8+ Kc5 16. Be3# 1-0

[Event "Summer Cup"]
[Site "Wellington Chess Club"]
[Date "2012.02.07"]
[Round "1"]
[White "Gillespie, John"]
[Black "Nijman, Brian"]
[Result "0-1"]
[WhiteElo "1551"]
[BlackElo "2206"]

1. d4 d5 2. c4 dxc4 3. Nf3 a6 4. e3 e6 5. Bxc4 b5 6. Bb3 Bb7 7. O-O Be7 8. Nc3
Nf6 9. Re1 c5 10. dxc5 Nbd7 11. c6 Bxc6 12. Nd4 Bb7 13. Bxe6 Nc5 14. Bh3 O-O
15. Nf5 Nfe4 16. Nxe7+ Qxe7 17. Nxe4 Nxe4 18. g3 Rfd8 19. Qc2 Ng5 20. Bg2 Rac8
21. Qe2 Bxg2 22. e4 Nf3+ 23. Kxg2 Nxe1+ 24. Qxe1 Rc2 25. b3 f5 26. e5 Qb7+ 27.
Kg1 Qe4 28. Qa5 Rd1+ 0-1

[Event "Summer Cup"]
[Site "Wellington Chess Club"]
[Date "2012.02.07"]
[Round "1"]
[White "Hewson, Michael"]
[Black "Dive, Russell"]
[Result "0-1"]
[WhiteElo "1718"]
[BlackElo "2440"]

1. e4 Nf6 2. e5 Nd5 3. d4 d6 4. c4 Nb6 5. exd6 cxd6 6. Nc3 g6 7. Be3 Bg7 8. Rc1
O-O 9. Nf3 Bg4 10. h3 Bxf3 11. Qxf3 Nc6 12. Qd1 d5 13. c5 Nc4 14. Bxc4 dxc4 15.
d5 Nb4 16. O-O Nd3 17. Rc2 Qa5 18. Qd2 Rfd8 19. Rb1 Nxc5 20. Ne4 Qxd2 21. Nxd2
Rxd5 22. Nxc4 Nd3 23. Rd2 e6 24. Rbd1 Nb4 25. a3 Rxd2 26. Rxd2 Nd5 27. Kf1 b5
28. Nd6 Rd8 29. Bc5 a6 30. Ke2 f5 31. Kf3 Rd7 32. b4 Be5 33. Nc8 Kf7 34. g3 h5
35. Ke2 g5 36. Kf3 g4+ 37. hxg4 hxg4+ 38. Kg2 f4 39. Kh2 Kf6 40. Ne7 Rxe7 41.
Bxe7+ Kxe7 42. Re2 Kd6 43. Rd2 Bc3 44. Rd3 f3 45. Kg1 e5 46. Kf1 e4 47. Rd1 Ke5
48. Rc1 Kd4 49. Rd1+ Kc4 50. Rc1 Kb3 51. Rd1 e3 0-1

[Event "Summer Cup"]
[Site "Wellington Chess Club"]
[Date "2012.02.07"]
[Round "1"]
[White "Ker, Anthony"]
[Black "Whittle, Jonathon"]
[Result "1-0"]
[WhiteElo "2492"]
[BlackElo "1733"]

1. e4 g6 2. d4 Bg7 3. Nc3 d6 4. Bg5 a6 5. Qd2 h6 6. Be3 Nd7 7. O-O-O e6 8. Be2
Ne7 9. g4 b5 10. f4 b4 11. Nb1 Bb7 12. Bf3 Nf6 13. Qg2 d5 14. e5 Nd7 15. Nd2 a5
16. Ne2 a4 17. Kb1 Nb6 18. Ng3 Qd7 19. f5 gxf5 20. Nh5 Rg8 21. Bxh6 Bh8 22. Qh3
Qc6 23. Rhg1 a3 24. gxf5 axb2 25. fxe6 fxe6 26. Nf6+ Bxf6 27. exf6 Rxa2 28.
Rxg8+ Nxg8 29. f7+ Kd7 30. f8=N+ Ke7 31. Kxa2 Qa4+ 32. Kxb2 Qa3+ 33. Kb1 Bc8
34. Ng6+ Kd7 35. Ne5+ Kd6 36. Bf8+ Ne7 37. Qh7 Na4 38. Bxe7# 1-0

[Event "Summer Cup"]
[Site "Wellington Chess Club"]
[Date "2012.02.07"]
[Round "1"]
[White "Palmer, Luke"]
[Black "Stoeveken, Peter"]
[Result "0-1"]
[WhiteElo "1172"]
[BlackElo "1858"]

1. e4 e6 2. Nc3 d5 3. d3 Bb4 4. Bd2 c5 5. a3 Bxc3 6. Bxc3 d4 7. Bd2 Nc6 8. Nf3
e5 9. c3 Bg4 10. Be2 Nge7 11. Qb3 Be6 12. Qxb7 Rb8 13. Qa6 Rb6 14. Qxb6 Qxb6
15. Bc1 f5 16. cxd4 cxd4 17. exf5 Bxf5 18. O-O O-O 19. Re1 Ng6 20. h3 Qb5 21.
Nd2 Nf4 22. Bf3 Nxd3 23. Bxc6 Qxc6 24. Rd1 Bxh3 25. gxh3 Rxf2 26. Ne4 Qxe4 27.
Rxd3 Qg2# 0-1

[Event "Summer Cup"]
[Site "Wellington Chess Club"]
[Date "2012.02.07"]
[Round "1"]
[White "Pomeroy, Arthur"]
[Black "Veldhuizen, Matt"]
[Result "1-0"]
[WhiteElo "2114"]
[BlackElo "1548"]

1. e4 c6 2. d4 d5 3. e5 Bf5 4. h4 h6 5. g4 Bh7 6. e6 fxe6 7. Bd3 Kd7 8. Nf3 Qe8
9. Bxh7 Rxh7 10. Qd3 Nf6 11. Bf4 Rh8 12. Ne5+ Kc8 13. Nd2 Nbd7 14. Ndf3 Ne4 15.
Nxd7 Qxd7 16. Ne5 Qe8 17. f3 Nd6 18. O-O-O Nf7 19. Ng6 Rg8 20. Rhe1 Nd8 21. h5
Qf7 22. Qe3 b6 23. Qe5 Kb7 24. Qc7+ Ka6 25. Rd3 Nb7 26. Ra3+ Na5 27. b4 Kb5 28.
bxa5 Qe8 29. Ree3 1-0

[Event "Summer Cup"]
[Site "Wellington Chess Club"]
[Date "2012.02.07"]
[Round "1"]
[White "Shierlaw, Hamish"]
[Black "Nyberg, Michael"]
[Result "0-1"]
[WhiteElo "1495"]
[BlackElo "2063"]

1. e4 e6 2. d4 d5 3. Nc3 Nf6 4. Bg5 Be7 5. e5 Nfd7 6. Bxe7 Qxe7 7. Nf3 c5 8.
dxc5 Nc6 9. Bb5 Qxc5 10. Bxc6 bxc6 11. O-O O-O 12. Rb1 Rb8 13. Qd2 h6 14. Rfe1
Ba6 15. Qd4 Rb4 16. Qxc5 Nxc5 17. a3 Rf4 18. Red1 Nd7 19. Re1 c5 20. Na2 d4 21.
b3 Rc8 22. Rbd1 Bb7 23. Nd2 Bd5 24. Nc1 f6 25. exf6 gxf6 26. Nd3 Rg4 27. f3 Rg7
28. Nf4 Rc6 29. Nxd5 exd5 30. Kf2 Ne5 31. Nf1 Ra6 32. a4 Rb6 33. g3 d3 34. cxd3
Rxb3 35. Ke2 Re7 36. Ne3 Rb2+ 37. Rd2 Rxd2+ 38. Kxd2 Nxf3+ 39. Kd1 Nxe1 0-1

[Event "Summer Cup"]
[Site "Wellington Chess Club"]
[Date "2012.02.07"]
[Round "1"]
[White "Timergazi, Layla"]
[Black "Jackson, Ross"]
[Result "0-1"]
[WhiteElo "1281"]
[BlackElo "1970"]

1. d4 Nf6 2. c4 c5 3. d5 e6 4. Nc3 exd5 5. cxd5 d6 6. e4 g6 7. Bg5 Bg7 8. h3
O-O 9. Nf3 a6 10. Bd3 b5 11. O-O Nbd7 12. Qd2 Re8 (12... c4 13. Bc2 b4 14. Ne2
b3 15. axb3 cxb3 16. Bd3 (16. Bb1 a5 17. Ned4) 16... Nc5) 13. Rfe1 Qc7 14. Bh6
Bh8 15. Ng5 Ne5 16. f4 (16. Bb1) 16... Nxd3 (16... Bg4)  (16... Nxd3 17. Qxd3
Bg4 18. hxg4 Nxg4 19. Qh3 Bd4+ 20. Kf1) 17. Qxd3 c4 18. Qf3 Bb7 19. Rac1 (19.
a3 a5)  (19. Kh1)  (19. Rad1) 19... Nd7 20. b4 (20. a3)  (20. b4)  (20. Ne2
Bxb2 21. Rc2) 20... cxb3 21. Nxb5 (21. axb3)  (21. axb3) 21... Qb6+ 22. Kh1
axb5 23. Qxb3 Nc5 0-1

[Event "Summer Cup"]
[Site "Wellington Chess Club"]
[Date "2012.02.07"]
[Round "1"]
[White "Wastney, Scott"]
[Black "Cook, John"]
[Result "1-0"]
[WhiteElo "2367"]
[BlackElo "1656"]

1. e4 e5 2. Nf3 Nc6 3. Nc3 Nf6 4. a3 Be7 5. d4 d6 6. Bb5 Bd7 7. O-O a6 8. Bxc6
Bxc6 9. Re1 exd4 10. Nxd4 Bd7 11. Bf4 O-O 12. h3 h6 13. Qd2 Rc8 14. Rad1 Nh5
15. Bh2 Nf6 16. f4 Nh7 17. Nd5 Kh8 18. Kh1 Re8 19. Nxe7 Rxe7 20. e5 dxe5 21.
Nf5 Nf8 22. Nxe7 Qxe7 23. Rxe5 Qf6 24. Rd5 Bc6 25. Rd8 Bxg2+ 26. Kxg2 Qc6+ 27.
Kg1 Rxd8 28. Qxd8 1-0

[Event "Summer Cup"]
[Site "Wellington Chess Club"]
[Date "2012.02.14"]
[Round "2"]
[White "Cook, John"]
[Black "Timergazi, Layla"]
[Result "0-1"]
[WhiteElo "1656"]
[BlackElo "1281"]

1. d4 c6 2. c4 d5 3. cxd5 cxd5 4. e3 Nc6 5. Nf3 Nf6 6. Nc3 a6 7. h3 Bf5 8. Be2
Nb4 9. Qa4+ Nc6 10. Ne5 Rc8 11. Bxa6 bxa6 12. Nxc6 Qd7 13. Ne5 Qxa4 14. Nxa4 e6
15. Nc3 Bb4 16. Bd2 O-O 17. O-O Bxc3 18. Bxc3 Ne4 19. Bb4 Rfe8 20. h4 Rc2 21.
b3 Rec8 22. g4 f6 23. gxf5 fxe5 24. dxe5 exf5 25. e6 g6 26. Ba3 Nc3 27. e7 Kf7
28. Kg2 Rxa2 29. Rxa2 Nxa2 30. Rd1 Nc3 31. Rc1 Rc7 32. Bb4 Nb5 33. Ra1 Ra7 34.
Rc1 Rc7 35. Rd1 Rd7 36. Kf3 d4 37. exd4 Rxd4 38. Re1 Nc7 39. e8=Q+ Nxe8 40.
Re7+ Kf6 41. Rb7 Re4 42. Bc3+ Ke6 43. Rb6+ Kd5 44. Rxa6 Rxh4 45. b4 Rh3+ 46.
Ke2 Rxc3 47. Ra5+ Kc4 48. Rc5+ Kxb4 49. Rxc3 Kxc3 0-1

[Event "Summer Cup"]
[Site "Wellington Chess Club"]
[Date "2012.02.14"]
[Round "2"]
[White "Dallow, Chris"]
[Black "Forster, Bill"]
[Result "0-1"]
[WhiteElo "1808"]
[BlackElo "1983"]

1. d4 d6 2. Nf3 Nf6 3. Bg5 Ne4 4. Bh4 c6 5. Nbd2 Qa5 6. c3 Nxd2 7. Nxd2 Be6 8.
e4 g6 9. Bd3 Bg7 10. O-O Nd7 11. Kh1 f6 12. f4 Bf7 13. a4 O-O 14. Bg3 e5 15. b4
Qc7 16. f5 g5 17. Bf2 Rfd8 18. Bc4 d5 19. Bb3 Bf8 20. Qe2 Bd6 21. g3 Kg7 22.
Rab1 h5 23. b5 Rh8 24. c4 exd4 25. Bxd4 h4 26. g4 c5 27. e5 Nxe5 28. Bxe5 Bxe5
29. cxd5 Rad8 30. Qg2 h3 31. Qf2 Bxd5+ 32. Bxd5 Rxd5 33. Nf3 Bf4 34. Rbe1 c4
35. Re6 Rhd8 36. Qe2 Be5 37. Nxe5 Rxe5 38. Rxe5 Qxe5 39. Qxe5 fxe5 40. Kg1 c3
41. Rc1 Rd3 0-1

[Event "Summer Cup"]
[Site "Wellington Chess Club"]
[Date "2012.02.14"]
[Round "2"]
[White "Dive, Russell"]
[Black "Aldridge, Alan"]
[Result "1-0"]
[WhiteElo "2440"]
[BlackElo "1945"]

1. Nf3 f5 2. g3 Nf6 3. Bg2 Nc6 4. d4 e6 5. O-O Be7 6. c4 d5 7. Nc3 O-O 8. Ne5
Ng4 9. Nxg4 fxg4 10. cxd5 exd5 11. Nxd5 Kh8 12. e4 Nb4 13. Nxe7 Qxe7 14. d5 Rd8
15. Qb3 b6 16. Bf4 Bb7 17. d6 1-0

[Event "Summer Cup"]
[Site "Wellington Chess Club"]
[Date "2012.02.14"]
[Round "2"]
[White "Jackson, Ross"]
[Black "Ker, Anthony"]
[Result "0-1"]
[WhiteElo "1970"]
[BlackElo "2492"]

1. d4 d6 2. e4 Nf6 3. Nc3 g6 4. Bg5 Bg7 5. Qd2 h6 6. Bh4 Nbd7 7. f3 c5 8. Bf2
Qa5 9. g4 a6 10. h4 cxd4 11. Qxd4 b5 12. a3 Bb7 13. Qb4 Qc7 14. a4 bxa4 15.
Rxa4 O-O 16. g5 Nh5 17. Qa3 Rfc8 18. Rc4 Qb8 19. Na4 d5 20. Rxc8+ Qxc8 21. exd5
Qxc2 22. Be3 Ne5 23. Nb6 Ng3 24. Nxa8 Nxh1 25. Nb6 Qb1+ 0-1

[Event "Summer Cup"]
[Site "Wellington Chess Club"]
[Date "2012.02.14"]
[Round "2"]
[White "Nijman, Brian"]
[Black "Brockway, Andrew"]
[Result "1/2-1/2"]
[WhiteElo "2206"]
[BlackElo "1813"]

1. Nf3 c5 2. g3 g6 3. Bg2 Bg7 4. O-O Nc6 5. c3 Nf6 6. d4 cxd4 7. cxd4 d6 8. Nc3
O-O 9. Qb3 Na5 10. Qa3 Qb6 11. Bg5 Nc4 12. Qb3 Qxb3 13. axb3 Nb6 14. Nd2 h6 15.
Be3 Ng4 16. Nc4 Nxc4 17. bxc4 Nf6 18. Ra5 a6 19. b4 Rb8 20. c5 b6 21. cxb6 Rxb6
22. Rb1 Bd7 23. d5 Rb7 24. Rxa6 Rfb8 25. b5 Bxb5 26. Ra5 Bd7 27. Rxb7 Rxb7 28.
Bd4 Kh7 29. h3 Ne8 30. Bxg7 Kxg7 31. Kh2 Nf6 32. Bf3 Rc7 33. Nd1 Bf5 34. Ne3
Be4 35. Kg2 Bxf3+ 36. Kxf3 Nd7 37. Ke4 Nc5+ 38. Kf4 Nd7 39. g4 Ne5 40. Ke4 Nd7
41. Kd4 Nc5 42. Rb5 Kf6 43. f4 Kg7 44. h4 Ra7 45. Rb8 Ra4+ 46. Nc4 Kf6 47. g5+
hxg5 48. hxg5+ Kf5 49. e3 Kg4 50. Kc3 Ra1 51. Rf8 Rc1+ 52. Kb4 Rb1+ 53. Ka3 Rc1
54. Nb6 Rc3+ 55. Ka2 Rxe3 56. Rxf7 Re4 57. Nc8 Rxf4 58. Rxe7 Rf2+ 59. Kb1 Rd2
60. Rg7 Rxd5 61. Rxg6 Rxg5 62. Rxg5+ Kxg5 63. Nxd6 1/2-1/2

[Event "Summer Cup"]
[Site "Wellington Chess Club"]
[Date "2012.02.14"]
[Round "2"]
[White "Nyberg, Michael"]
[Black "Stracy, Don"]
[Result "1/2-1/2"]
[WhiteElo "2063"]
[BlackElo "1781"]

1. d4 Nf6 2. Nf3 b6 3. c4 e6 4. g3 Bb7 5. Bg2 Be7 6. Nc3 Ne4 7. Qc2 Nxc3 8.
Qxc3 O-O 9. Bf4 f5 10. h4 Bf6 11. Qd2 h6 12. O-O Re8 13. Rad1 Be4 14. b4 d6 15.
Rfe1 Qe7 16. a3 Nd7 17. Qa2 Kf8 18. Qd2 Rad8 19. Rc1 e5 20. Be3 exd4 21. Bxd4
Ne5 22. Qc3 c5 23. bxc5 dxc5 24. Bxe5 Bxe5 25. Nxe5 Qxe5 26. Qxe5 Rxe5 27. f3
Bb7 28. Rc3 Re7 29. Kf2 Red7 30. Bh3 Rf7 31. Rec1 Bc8 32. Bg2 f4 33. g4 g5 34.
Rh1 Kg7 35. Rcc1 Be6 36. hxg5 hxg5 37. Rc3 Rd4 38. Rhc1 Rfd7 39. Ke1 Rd2 40.
Bf1 R7d4 41. Bg2 Kf6 42. Bf1 Rd6 43. Bg2 Bd7 44. Bf1 Be6 1/2-1/2

[Event "Summer Cup"]
[Site "Wellington Chess Club"]
[Date "2012.02.14"]
[Round "2"]
[White "Roberts, Michael"]
[Black "Sellen, Ian"]
[Result "1-0"]
[WhiteElo "1747"]
[BlackElo "2055"]

1. d4 d5 2. c4 e6 3. Nc3 Nf6 4. Bg5 Be7 5. e3 h6 6. Bh4 O-O 7. Bd3 b6 8. cxd5
exd5 9. Nge2 Nbd7 10. O-O Bb7 11. Rc1 c5 12. f3 Bd6 13. Bg3 Qe7 14. Bxd6 Qxd6
15. Ng3 a6 16. a4 Rfe8 17. Qd2 Nf8 18. Rfe1 Rad8 19. Nf5 Qd7 20. Qf2 Re6 21.
Ne2 c4 22. Bc2 Ng6 23. Nf4 Nxf4 24. exf4 Ne8 25. Re5 Rxe5 26. fxe5 Qe6 27. Ng3
g6 28. f4 Qc6 29. f5 Ng7 30. fxg6 fxg6 31. Rf1 Kh7 32. Qf6 Qxf6 33. Rxf6 1-0

[Event "Summer Cup"]
[Site "Wellington Chess Club"]
[Date "2012.02.14"]
[Round "2"]
[White "Sknar, Andrew"]
[Black "Gillespie, John"]
[Result "0-1"]
[WhiteElo "1087"]
[BlackElo "1551"]

1. e4 e6 2. d4 d5 3. e5 Nc6 4. Ne2 Nge7 5. g3 Nf5 6. Bg2 Be7 7. O-O O-O 8. Nbc3
f6 9. exf6 Bxf6 10. Bf4 Ncxd4 11. Nxd4 Bxd4 12. Qe2 Bxc3 13. bxc3 c6 14. g4 Nh4
15. Be5 Nxg2 16. Bd4 Nh4 17. Qe5 Nf3+ 18. Kh1 Nxe5 19. Bxe5 Qg5 20. f4 Qxg4 21.
Bd6 Rf7 22. Rfe1 Bd7 23. Rg1 Qf3+ 24. Rg2 c5 25. Rg1 Bc6 26. Be7 d4 27. Bd6 Qh3
28. Be5 Bxg2+ 29. Rxg2 Qf3 30. cxd4 cxd4 31. Bxd4 Rd8 32. Kg1 Rxd4 33. c3 Rd1#
0-1

[Event "Summer Cup"]
[Site "Wellington Chess Club"]
[Date "2012.02.14"]
[Round "2"]
[White "Stoeveken, Peter"]
[Black "Pomeroy, Arthur"]
[Result "0-1"]
[WhiteElo "1858"]
[BlackElo "2114"]

1. d4 Nf6 2. c4 g6 3. Nc3 Bg7 4. Nf3 O-O 5. e4 d6 6. Bg5 h6 7. Bh4 c5 8. dxc5
g5 9. Bg3 dxc5 10. Qc2 Nc6 11. Rd1 Qa5 12. Nd2 Nd4 13. Qb1 Be6 14. Be5 Rfd8 15.
f3 Rd7 16. g4 Rad8 17. Be2 h5 18. h4 Nxe2 19. Kxe2 hxg4 20. hxg5 gxf3+ 21. Nxf3
Bxc4+ 22. Ke3 Ng4+ 23. Kf4 Nxe5 24. Nxe5 Bxe5+ 25. Kxe5 Qc7+ 0-1

[Event "Summer Cup"]
[Site "Wellington Chess Club"]
[Date "2012.02.14"]
[Round "2"]
[White "Theodosiou, Andreas"]
[Black "Hewson, Michael"]
[Result "0-1"]
[WhiteElo "1229"]
[BlackElo "1718"]

1. e4 e6 2. d4 d5 3. e5 c5 4. c3 Nc6 5. Nf3 cxd4 6. cxd4 Qb6 7. Nc3 Bd7 8. Bb5
Nge7 9. Be3 Nf5 10. Qe2 Be7 11. Rd1 Rc8 12. a3 O-O 13. O-O Rfd8 14. Na4 Qc7 15.
Nc5 Bxc5 16. dxc5 Nxe5 17. Ng5 Bxb5 18. Qxb5 Nxe3 19. fxe3 Qxc5 20. Qe2 h6 21.
Nf3 Ng4 22. Nd4 Nf6 23. Rf3 Qe7 24. Rg3 Rc5 25. Qf2 Ne4 0-1

[Event "Summer Cup"]
[Site "Wellington Chess Club"]
[Date "2012.02.14"]
[Round "2"]
[White "Veldhuizen, Matt"]
[Black "Palmer, Luke"]
[Result "1-0"]
[WhiteElo "1548"]
[BlackElo "1172"]

1. c4 e5 2. g3 d6 3. Bg2 Nf6 4. Nc3 Be7 5. Nf3 O-O 6. d3 Bd7 7. O-O Bc6 8. e4
h6 9. a3 Nbd7 10. b4 Rb8 11. b5 Bxe4 12. dxe4 a6 13. Re1 axb5 14. cxb5 Nb6 15.
Nd5 Nfxd5 16. exd5 Qd7 17. a4 c6 18. bxc6 bxc6 19. dxc6 Qxc6 20. Nxe5 Qc3 21.
Bd2 Qd4 22. Nf3 Qc5 23. Rxe7 Nd5 24. Re1 Nf6 25. Rc1 Qa7 26. Be3 Qd7 27. Bf4
Rb6 28. Nd4 Qd8 29. Nc6 Qc8 30. Ne7+ Kh8 31. Rxc8 1-0

[Event "Summer Cup"]
[Site "Wellington Chess Club"]
[Date "2012.02.14"]
[Round "2"]
[White "Whittle, Jonathon"]
[Black "Marney, John"]
[Result "1-0"]
[WhiteElo "1733"]
[BlackElo "1647"]

1. Nf3 Nf6 2. g3 Nc6 3. c4 d5 4. Bg2 e5 5. d3 Bc5 6. cxd5 Nxd5 7. Qb3 Nf6 8.
Qb5 Nd7 9. O-O h6 10. Nbd2 O-O 11. Ne4 Bb6 12. b3 Qe7 13. Bb2 Kh8 14. Nh4 Nf6
15. Nxf6 a6 16. Qc4 Qxf6 17. Bxc6 bxc6 18. Nf3 Bh3 19. Bxe5 Qf5 20. Rfc1 Rfe8
21. Qxc6 Rac8 22. Qxh6+ Qh7 23. Qf4 Re7 24. Ng5 Qf5 25. e4 Qxf4 26. Bxf4 Bd7
27. a4 f6 28. Nf3 Be6 29. b4 Rd7 30. Rc3 Bg4 31. a5 Ba7 32. d4 Bxf3 33. Rxf3
Bxd4 34. Ra2 g5 35. Be3 g4 36. Rf4 Rg8 37. Rd2 Bxe3 38. Rxd7 Bxf4 39. gxf4 Rb8
40. Rd4 Rb5 41. Kg2 c5 42. bxc5 Rxc5 43. Ra4 Rc3 44. e5 fxe5 45. fxe5 Kg7 46.
Rxg4+ Kf7 47. Re4 Ke6 48. f4 Kf5 49. Rb4 Ra3 50. h4 Kg4 51. h5 Kxh5 52. Kf2 Kg4
53. e6 Rh3 54. e7 Rh8 55. Re4 Re8 56. Ke3 Kf5 57. Kd4 Kf6 58. Kc5 Kf5 59. Kd5
Kf6 60. Kd6 Kf7 61. Kd7 Rxe7+ 62. Rxe7+ 1-0

[Event "Summer Cup"]
[Site "Wellington Chess Club"]
[Date "2012.02.21"]
[Round "3"]
[White "Aldridge, Alan"]
[Black "Veldhuizen, Matt"]
[Result "1-0"]
[WhiteElo "1945"]
[BlackElo "1548"]

1. b3 f5 2. Bb2 Nf6 3. Nf3 e6 4. e3 d5 5. Be2 Bd6 6. O-O O-O 7. d4 Nbd7 8. Nbd2
Qe8 9. Ne5 c6 10. f4 Bxe5 11. fxe5 Ne4 12. Nxe4 fxe4 13. Ba3 Rxf1+ 14. Qxf1 Qg6
15. Qf4 Nb6 16. Qf8# 1-0

[Event "Summer Cup"]
[Site "Wellington Chess Club"]
[Date "2012.02.21"]
[Round "3"]
[White "Brockway, Andrew"]
[Black "Nyberg, Michael"]
[Result "0-1"]
[WhiteElo "1813"]
[BlackElo "2063"]

1. e4 c5 2. Nc3 g6 3. f4 d6 4. Bb5+ Bd7 5. Bc4 Nc6 6. d3 Bg7 7. Nf3 a6 8. O-O
b5 9. Bd5 e6 10. Bxc6 Bxc6 11. Qe1 Ne7 12. Bd2 Qc7 13. Rb1 Qa7 14. Kh1 h6 15.
Qg3 O-O-O 16. Rfe1 Qb7 17. b4 Qc7 18. a4 cxb4 19. Ne2 a5 20. axb5 Bxb5 21. Rec1
Kd7 22. Nfd4 Bc6 23. c3 h5 24. cxb4 axb4 25. Nxc6 Nxc6 26. f5 Be5 27. fxe6+
fxe6 28. Qh3 (28. Qxg6 Rde8 (28... Qa7 29. d4 (29. Rxc6 Kxc6 30. Qxe6 Rh7 31.
Qd5+ Kd7 32. d4 Qa8 33. dxe5 Qxd5 34. exd5 dxe5 35. Rxb4 Rhh8 36. Rb7+ Kd6)
29... Ne7 30. Qg5 Rdg8 31. Qe3 Bf6 32. Qd3 Rc8 33. e5) 29. d4 Rhg8 30. Qf7+ Kd8
31. Qxc7+ Kxc7) 28... Qa7 29. Be3 Qa2 30. d4 Qxe2 31. dxe5 (31. d5 Qg4 32.
dxc6+ Ke8 33. Rxb4 Qxh3 34. gxh3) 31... Nxe5 32. Ra1 Ra8 33. Re1 Rxa1 34. Rxa1
Ng4 0-1